Evaluación y corrección neuropsicológica del lenguaje en la infancia (Record no. 170558)
[ view plain ]
| 000 -CABECERA | |
|---|---|
| campo de control de longitud fija | 02533cab a2200277 ab4500 |
| 005 - FECHA Y HORA DE LA ÚLTIMA TRANSACCIÓN | |
| campo de control | 20230308063632.0 |
| 008 - ELEMENTOS DE LONGITUD FIJA--INFORMACIÓN GENERAL | |
| campo de control de longitud fija | 991125s1985 mx 000 0 spa u |
| 035 ## - NÚMERO DE CONTROL DEL SISTEMA | |
| Número de control de sistema | UPN01000198457 |
| 040 ## - FUENTE DE LA CATALOGACIÓN | |
| Centro catalogador/agencia de origen | MX-MxUPN |
| Lengua de catalogación | spa |
| Centro/agencia transcriptor | MX-MxUPN |
| Normas de descripción | aacr2 |
| 049 ## - COLECCIÓN | |
| Colección | ART-E |
| 100 ## - ASIENTO PRINCIPAL--NOMBRE PERSONAL | |
| Nombre de persona | Morales González, María Alejandra |
| 9 (RLIN) | 44757 |
| 100 ## - ASIENTO PRINCIPAL--NOMBRE PERSONAL | |
| Nombre de persona | Lázaro García, Emelia |
| 9 (RLIN) | 44758 |
| 100 1# - ASIENTO PRINCIPAL--NOMBRE PERSONAL | |
| Nombre de persona | Solovieva, Yulia |
| 9 (RLIN) | 33804 |
| 100 ## - ASIENTO PRINCIPAL--NOMBRE PERSONAL | |
| Nombre de persona | Quintanar Rojas, Luis |
| 9 (RLIN) | 44759 |
| 245 10 - MENCIÓN DE TÍTULO | |
| Título | Evaluación y corrección neuropsicológica del lenguaje en la infancia |
| Medio | [recurso electrónico en línea] |
| 260 ## - PUBLICACIÓN, DISTRIBUCIÓN, ETC. | |
| Lugar de publicación, distribución, etc. | Colombia |
| 520 3# - NOTA DE RESUMEN, ETC. | |
| Sumario, etc. | Objetivos. Las alteraciones del lenguaje constituyen un problema frecuente durante el desarrollo de los niños. Esta investigación se basó en el estudio de caso de una niña de cinco años y tres meses de edad con problemas de lenguaje, particularmente, en el diseño y aplicación de un programa de intervención, elaborado de acuerdo con la postura histórico-cultural; el cual tuvo como objetivo principal mejorar la percepción y articulación adecuada de fonemas del idioma español y como objetivos complementarios el desarrollo de los actos motores finos, la formación de la imagen de objetos y la orientación espacial. Método. La evaluación y el diagnóstico se realizaron a partir de la aplicación de protocolos cualitativos del enfoque histórico-cultural, determinando, en la evaluación preintervención, debilidad funcional en la integración cinestésica y organización motora secuencial del lenguaje. Después de la evaluación inicial se realizó la aplicación de un programa de corrección neuropsicológica. Resultados. Se realizó una revaloración control, posterior a la intervención, que permitió observar cambios favorables en la expresión y comprensión verbal de la niña. Conclusión. Se enfatiza la necesidad de reconsiderar el diagnóstico y los programas de corrección infantil tradicionales del lenguaje, los cuales se realizan a partir de una sola función psicológica sin permitir hacer un análisis sindrómico ni la posibilidad de una aproximación integral para su corrección y desarrollo. |
| 650 #2 - ASIENTO SECUNDARIO DE MATERIA - TERMINO TEMATICO | |
| 9 (RLIN) | 5570 |
| Término de materia o nombre geográfico como elemento de entrada | TERAPIA DEL LENGUAJE PARA NIÑOS |
| 650 #4 - ASIENTO SECUNDARIO DE MATERIA - TERMINO TEMATICO | |
| Término de materia o nombre geográfico como elemento de entrada | Neuropsicología |
| 9 (RLIN) | 10531 |
| 653 0# - TERMINO DE INDIZACION - NO CONTROLADO | |
| Término no controlado | LENGUAJE INFANTIL |
| 653 0# - TERMINO DE INDIZACION - NO CONTROLADO | |
| Término no controlado | PROGRAMAS DE REHABILITACION |
| 773 ## - ENLACE AL DOCUMENTO FUENTE/ENTRADA DE REGISTRO ANFITRIÓN | |
| Parte(s) relacionada(s) | Vol. 12, no 1 (2014) p. 39-53 |
| Título | Pensamiento psicológico |
| 856 4# - LOCALIZACIÓN Y ACCESO ELECTRÓNICOS | |
| Identificador Uniforme del Recurso | <a href="http://revistas.javerianacali.edu.co/index.php/pensamientopsicologico/article/view/717/1521">http://revistas.javerianacali.edu.co/index.php/pensamientopsicologico/article/view/717/1521</a> |
| 905 ## - TIPO DE MATERIAL | |
| Tipo de material | Articulo |
| 942 ## - ELEMENTOS DE PUNTO DE ACCESO ADICIONAL (KOHA) | |
| Tipo de ítem Koha | Artículo Electrónico |
| Estado de retiro | Estado de pérdida | Estado dañado | No para préstamo | Código de colección | Localización permanente | Ubicación/localización actual | Ubicación en estantería | Fecha de adquisición | Fecha visto por última vez | Identificador Uniforme del Recurso | Tipo de ítem Koha |
|---|---|---|---|---|---|---|---|---|---|---|---|
| Acceso abierto | Bib. Gregorio Torres Quintero | Bib. Gregorio Torres Quintero | En línea | 06/06/2022 | 06/06/2022 | https://revistas.javerianacali.edu.co/index.php/pensamientopsicologico/article/view/717/1521 | Artículo Electrónico |
